Stand Eerste divisie Nederland 2023 2024 eindstand - Statistieken

Algemene statistieken
  • Deze quiz is 3 keer genomen
  • De gemiddelde score is 15 van 20
Antwoordstatistieken
Antwoord % Correct
15 Jong Ajax
100%
16 Jong PSV
100%
17 Telstar
100%
1 Willem II
100%
20 Jong Utrecht
100%
2 Groningen
100%
3 Roda
100%
4 Dordrecht
100%
5 ADO
100%
8 NAC
100%
11 Helmond Sport
67%
13 Cambuur
67%
19 Den Bosch
67%
7 Emmen
67%
10 Jong AZ
33%
12 VVV
33%
14 Eindhoven
33%
18 TOP Oss
33%
6 De Graafschap
33%
9 MVV
33%
Geen overeenkomende quizzen gevonden
Scoreverdeling
Procent van Mensen met Elke Score
Percentiel versus Aantal Correcte Antwoorden
Uw Scoregeschiedenis
U heeft deze quiz nog niet genomen